000 00285nam a2200121 a 4500
001 4140
005 20140414131902.0
008 090218s19uu xx 00 eng d
050 _aM 823.914
_bD11 1984
100 _aDahl, Roald
245 _aBoy :
_btales of childhood.
999 _c110699
_d110699